Financial accounting (Record no. 479888)

MARC details
000 -LEADER
fixed length control field 01498cam a2200373 a 4500
001 - CONTROL NUMBER
control field EDZ0000077480
003 - CONTROL NUMBER IDENTIFIER
control field StDuBDS
005 - DATE AND TIME OF LATEST TRANSACTION
control field 20161031105127.0
006 - FIXED-LENGTH DATA ELEMENTS--ADDITIONAL MATERIAL CHARACTERISTICS--GENERAL INFORMATION
fixed length control field m||||||||d||||||||
007 - PHYSICAL DESCRIPTION FIXED FIELD--GENERAL INFORMATION
fixed length control field cr |||||||||||
008 - FIXED-LENGTH DATA ELEMENTS--GENERAL INFORMATION
fixed length control field 120418s2008 cau fo| 001|0|eng d
020 ## - INTERNATIONAL STANDARD BOOK NUMBER
International Standard Book Number 9781446214688 (ebook) :
Terms of availability No price
040 ## - CATALOGING SOURCE
Original cataloging agency StDuBDS
Language of cataloging eng
Transcribing agency StDuBDS
Description conventions pn
049 ## - LOCAL HOLDINGS (OCLC)
Holding library Alfaisal Main Library
050 #0 - LIBRARY OF CONGRESS CALL NUMBER
Classification number HF5636
Item number .S857 2008
082 04 - DEWEY DECIMAL CLASSIFICATION NUMBER
Classification number 657
Edition number 23
100 1# - MAIN ENTRY--PERSONAL NAME
Personal name Stittle, John.
245 10 - TITLE STATEMENT
Title Financial accounting
Medium [electronic resource] /
Statement of responsibility, etc John Stittle and Robert Wearing.
260 ## - PUBLICATION, DISTRIBUTION, ETC. (IMPRINT)
Place of publication, distribution, etc Los Angeles, [Calif.] ;
-- London :
Name of publisher, distributor, etc SAGE,
Date of publication, distribution, etc c2008.
300 ## - PHYSICAL DESCRIPTION
Extent 1 online resource (170 p.).
490 1# - SERIES STATEMENT
Series statement SAGE course companions
504 ## - BIBLIOGRAPHY, ETC. NOTE
Bibliography, etc Includes bibliographical references and index.
520 8# - SUMMARY, ETC.
Summary, etc 'Financial Accounting' is an accessible introduction to the subject that will help readers to master key concepts and enhance their thinking skills in line with course requirements. It provides support on how to revise for exams and prepare for and write assessed pieces.
521 ## - TARGET AUDIENCE NOTE
Target audience note Specialized.
588 ## -
-- Description based on print version record.
650 #0 - SUBJECT ADDED ENTRY--TOPICAL TERM
Topical term or geographic name as entry element Accounting.
655 #7 - INDEX TERM--GENRE/FORM
Genre/form data or focus term Electronic books.
Source of term local
700 1# - ADDED ENTRY--PERSONAL NAME
Personal name Wearing, Bob,
Dates associated with a name 1950-
710 2# - ADDED ENTRY--CORPORATE NAME
Corporate name or jurisdiction name as entry element Sage eBooks
776 08 - ADDITIONAL PHYSICAL FORM ENTRY
Display text Print version :
International Standard Book Number 9781412935036
830 #0 - SERIES ADDED ENTRY--UNIFORM TITLE
Uniform title SAGE course companions.
856 40 - ELECTRONIC LOCATION AND ACCESS
Uniform Resource Identifier <a href="http://ezproxy.alfaisal.edu/login?url=http://sk.sagepub.com/books/financial-accounting">http://ezproxy.alfaisal.edu/login?url=http://sk.sagepub.com/books/financial-accounting</a>
942 ## - ADDED ENTRY ELEMENTS (KOHA)
Source of classification or shelving scheme Library of Congress Classification
Koha item type eBooks

No items available.

Copyright © 2020 Alfaisal University Library. All Rights Reserved.
Tel: +966 11 2158948 Fax: +966 11 2157910 Email:
librarian@alfaisal.edu